Los Amigos del País (Record no. 189401)

MARC details
000 -LEADER
campo de control de longitud fija 00902nam a2200253 i 4500
001 - NÚMERO DE CONTROL
campo de control 189401
003 - IDENTIFICADOR DE NÚMERO DE CONTROL
campo de control SpMaBN
005 - FECHA Y HORA DE LA ÚLTIMA TRANSACCIÓN
campo de control 20240313190148.0
008 - DATOS DE LONGITUD FIJA--INFORMACIÓN GENERAL
campo de control de longitud fija 190530s1975 sp a |||| | spa d
020 ## - NÚMERO INTERNACIONAL ESTÁNDAR DEL LIBRO
Número Internacional Estándar del Libro 84-7231-141-4
080 ## - NÚMERO DE LA CLASIFICACIÓN DECIMAL UNIVERSAL
Número de la Clasificación Decimal Universal 087.5:061.235(460.15)
100 1# - ENTRADA PRINCIPAL--NOMBRE DE PERSONA
Nombre de persona Uría, Juan Ignacio de.
9 (RLIN) 112136
245 14 - MENCIÓN DEL TÍTULO
Título Los Amigos del País
Resto del título = Herri Lagunak /
Mención de responsabilidad, etc. textos e ilustraciones Juan Ignacio de Uría.
246 31 - FORMA VARIANTE DEL TITULO
Título propio/Titulo breve Herri Lagunak
260 ## - PUBLICACIÓN, DISTRIBUCIÓN, ETC.
Lugar de publicación, distribución, etc. [San Sebastián] :
Nombre del editor, distribuidor, etc. Caja de Ahorros Provincial de Guipúzcoa,
Fecha de publicación, distribución, etc. [1975]
300 ## - DESCRIPCIÓN FÍSICA
Extensión 72 p. :
Otras características físicas il. col. ;
Dimensiones 22 x 21 cm.
490 1# - MENCIÓN DE SERIE
Mención de serie Manuales ;
Designación de volumen o secuencia 4
546 ## - NOTA DE IDIOMA
Nota de lengua/lenguaje Texto paralelo en castellano y vasco.
610 24 - PUNTO DE ACCESO ADICIONAL DE MATERIA--NOMBRE DE ENTIDAD CORPORATIVA
Nombre de entidad corporativa o nombre de jurisdicción como elemento de entrada Real Sociedad Bascongada de los Amigos del País-
Subdivisión de forma Historia
9 (RLIN) 6367
710 2# - ENTRADA AGREGADA--NOMBRE DE ENTIDAD CORPORATIVA
Nombre de entidad corporativa o nombre de jurisdicción como elemento de entrada Caja de Ahorros Provincial de Guipúzcoa.
9 (RLIN) 2306
830 0# - PUNTO DE ACCESO ADICIONAL DE SERIE-TÍTULO UNIFORME
Título uniforme Manuales ;
Designación de volumen o secuencia 4
9 (RLIN) 178657
852 ## - LOCALIZACIÓN
Ubicación ES-MaACL
Número de control de estantería L-32407
Holdings
Estatus retirado Estado de pérdida Estado de daño No para préstamo Biblioteca de origen Biblioteca actual Ubicación en estantería Fecha de adquisición Fuente de adquisición Total de préstamos Signatura topográfica completa Código de barras Visto por última vez Precio de reemplazo Tipo de ítem Koha
        Biblioteca del Ateneo de Madrid Biblioteca del Ateneo de Madrid Depósito 2 30/05/2019     L-32407 1200673 23/02/2023 23/02/2023 Libro impreso